书目信息 |
| 题名: |
算法与数据结构考研试题精析
|
|
| 作者: | 陈守孔 , 胡潇琨 , 李玲 , 冯广慧 编著 | |
| 分册: | ||
| 出版信息: | 北京 机械工业出版社 2020.10 |
|
| 页数: | 406页 | |
| 开本: | 26cm | |
| 丛书名: | 高等院校计算机教材系列 | |
| 单 册: | ||
| 中图分类: | TP301.6 , TP311.12-44 | |
| 科图分类: | ||
| 主题词: | 算法分析--suan fa fen xi--研究生--入学考试--问题解答 , 数据结构--shu ju jie gou--研究生--入学考试--问题解答 | |
| 电子资源: | ||
| ISBN: | 978-7-111-65475-9 | |
| 000 | 01710oam2 2200361 450 | |
| 001 | 2059004650 | |
| 005 | 20201125164221.78 | |
| 010 | @a978-7-111-65475-9@dCNY99.00 | |
| 100 | @a20200623d2020 em y0chiy50 ea | |
| 101 | 0 | @achi |
| 102 | @aCN@b110000 | |
| 105 | @aak az 000yy | |
| 106 | @ar | |
| 200 | 1 | @a算法与数据结构考研试题精析@9suan fa yu shu ju jie gou kao yan shi ti jing xi@dThe complete guide to algorithms and data structures for postgraduate admission test@f陈守孔[等]编著@zeng |
| 205 | @a4版 | |
| 210 | @a北京@c机械工业出版社@d2020.10 | |
| 215 | @a406页@c图@d26cm | |
| 225 | 2 | @a高等院校计算机教材系列@9gao deng yuan jiao ji suan ji jiao cai xi lie |
| 304 | @a题名页题其他责任者:胡潇琨, 李玲, 冯广慧 | |
| 320 | @a有书目 | |
| 330 | @a本书收集了历年来国家统考和985、211等重点高校和研究院、所的350多套硕士研究生入学“(算法与)数据结构”考试试卷的2100多道试题。作者按照数据结构课程的知识点对这些题目进行分类。在回顾知识点的基础上,对每一类题目进行分析、归纳答题思路,并给出了参考答案。本书收录的题目具有典型性,充分理解这些题目有助于学生更好地掌握数据结构课程的核心内容,以及应用知识解决实际问题的方法。 | |
| 461 | 0 | @12001 @a高等院校计算机教材系列 |
| 510 | 1 | @aComplete guide to algorithms and data structures for postgraduate admission test@zeng |
| 606 | 0 | @a算法分析@9suan fa fen xi@x研究生@x入学考试@j问题解答 |
| 606 | 0 | @a数据结构@9shu ju jie gou@x研究生@x入学考试@j问题解答 |
| 690 | @aTP301.6@v5 | |
| 690 | @aTP311.12-44@v5 | |
| 701 | 0 | @a陈守孔@9chen shou kong@4编著 |
| 701 | 0 | @a胡潇琨@9hu xiao kun@4编著 |
| 701 | 0 | @a李玲@9li ling@4编著 |
| 701 | 0 | @a冯广慧@9feng guang hui@4编著 |
| 801 | 0 | @aCN@bBJSZM@c20201125 |
| 905 | @b1246532-4@dTP301.6@e1274=4@f3 | |
| 算法与数据结构考研试题精析=The complete guide to algorithms and data structures for postgraduate admission test/陈守孔[等]编著.-4版.-北京:机械工业出版社,2020.10 |
| 406页:图;26cm.-(高等院校计算机教材系列) |
| ISBN 978-7-111-65475-9:CNY99.00 |
| 本书收集了历年来国家统考和985、211等重点高校和研究院、所的350多套硕士研究生入学“(算法与)数据结构”考试试卷的2100多道试题。作者按照数据结构课程的知识点对这些题目进行分类。在回顾知识点的基础上,对每一类题目进行分析、归纳答题思路,并给出了参考答案。本书收录的题目具有典型性,充分理解这些题目有助于学生更好地掌握数据结构课程的核心内容,以及应用知识解决实际问题的方法。 |
| ● |
| 相关链接 |
|
|
|
|
正题名:算法与数据结构考研试题精析
索取号:TP301.6/1274=4
 
预约/预借
| 序号 | 登录号 | 条形码 | 馆藏地/架位号 | 状态 | 备注 |
| 1 | 1246532 | 212465321 | 第二样本阅览室/ [索取号:TP301.6/1274=4] | 在馆 | |
| 2 | 1246533 | 212465330 | 第三借阅区/ [索取号:TP301.6/1274=4] | 在馆 | |
| 3 | 1246534 | 212465349 | 第三借阅区/ [索取号:TP301.6/1274=4] | 在馆 |